[Event "76th GEO-ch Women 2019"]
[Site "Tbilisi"]
[Date "2019.03.19"]
[Round "1.1"]
[White "Khukhashvili, Sopiko"]
[Black "Melia, Salome"]
[Result "1-0"]
[WhiteElo "2342"]
[BlackElo "2385"]
[Annotator "TA"]
[PlyCount "69"]
[EventDate "2019.03.19"]
[EventType "swiss"]
[EventCountry "GEO"]
[SourceTitle "playchess.com"]
[Source "ChessBase"]
[SourceQuality "1"]

{[%evp 9,68,-16,-8,-34,-24,-30,-27,-40,0,0,0,0,9,3,-2,-18,17,2,39,32,44,45,82,67,91,92,86,101,77,83,105,32,48,12,22,23,15,12,29,12,11,12,89,89,101,108,108,108,113,107,97,94,125,125,742,729,879,891,879,856,29999]} 1. e4 c6 2. d4 d5 3. e5 Bf5 4. Nf3 e6 5. h4 (5. Be2 Nd7 6. O-O Bg6 7. c3 Nh6 8. a4 a5 9. Na3 Be7 10. Nc2 O-O 11. Nce1 c5 12. Bxh6 gxh6 13. Bb5 cxd4 14. cxd4 Nb8 15. Qd2 {0-1 (52) Yu,Y (2764)-Artemiev,V (2709) Caleta 2019}) 5... h6 6. h5 {B12: Caro-Kann: Advance Variation} c5 7. Bb5+ $146 ({Predecessor:} 7. c3 Nc6 8. dxc5 Bxc5 9. b4 Bb6 10. b5 Na5 11. Nd4 Bxb1 12. Rxb1 Qc7 {1-0 (46) Hernandez Gonzalez,W (2023)-Perez Otero,J (2054) Pinar del Rio 2010}) 7... Nc6 8. Be3 {Black has an edge.} cxd4 9. Nxd4 Nge7 10. Nd2 a6 11. Bxc6+ bxc6 12. N4b3 Bh7 13. Bc5 Nf5 14. Bxf8 $1 Rxf8 15. Qf3 Qc7 16. Qc3 d4 17. Qc5 ({Don't play} 17. Nxd4 Qxe5+ 18. Ne2 Qxc3 $15) 17... Rd8 18. c4 dxc3 19. Qxc3 Rd5 20. Nc4 (20. O-O $16) 20... c5 $1 $14 21. O-O {next Rfd1 is good for White.} Ke7 $1 22. Rfe1 Rfd8 23. Rac1 Kf8 24. Qa5 $36 {[%mdl 2048] White fights for an advantage.} Qxa5 25. Ncxa5 Rb8 (25... Nd4 $11) 26. Rxc5 $16 Rxc5 27. Nxc5 Rxb2 28. Rd1 $1 {[%cal Rd1d8] White threatens Rd8+ and mate.} g6 {[#]} 29. Rd8+ $1 Kg7 30. Rd7 Rb6 {[#]} 31. Nab7 $1 Rc6 $2 {[%mdl 8192]} (31... gxh5 $16 32. Nd8 Rb1+ 33. Kh2 Bg6) 32. Nd8 $1 $18 {[%csl LRc6,LRe6,LRf7]} Rc8 33. Ncxe6+ Kg8 34. Rxf7 {[%csl Ge6][%cal Rf7f8]} gxh5 35. Rf8# {Precision: White = 64%, Black = 47%.} 1-0

[Event "76th GEO-ch Women 2019"]
[Site "Tbilisi"]
[Date "2019.03.19"]
[Round "1.2"]
[White "Tsereteli, Tamar"]
[Black "Mikadze, Miranda"]
[Result "1/2-1/2"]
[WhiteElo "2315"]
[BlackElo "2266"]
[Annotator "NA"]
[PlyCount "66"]
[EventDate "2019.03.19"]
[EventType "swiss"]
[EventCountry "GEO"]
[SourceTitle "playchess.com"]
[Source "ChessBase"]
[SourceQuality "1"]
[TimeControl "40/5400+30:1800+30"]

{[%evp 8,65,0,-12,0,-42,-19,-39,-26,-24,-25,-23,-14,-6,0,-32,0,-7,8,-12,-10,-27,-20,-49,-19,-25,10,-6,0,-14,-12,0,0,-8,-14,-8,0,0,0,0,0,0,24,0,54,59,44,0,0,0,-5,-56,-8,-8,-4,-3,-4,-8,-10,0]} 1. e4 {[%emt 0:00:00]} c6 {[%emt 0:00:00]} 2. Nf3 {[%emt 0:00:13]} d5 {[%emt 0:00:00]} 3. Nc3 {[%emt 0:00:06]} Nf6 {[%emt 0:00:00]} (3... Bg4 4. h3 Bxf3 5. Qxf3 e6 6. g3 Nd7 7. Bg2 g6 8. Qe2 Ne7 9. d4 Bg7 10. Be3 O-O 11. O-O dxe4 12. Nxe4 Nf5 13. Rad1 Nxe3 14. Qxe3 {1-0 (66) Nakamura,H (2777)-Aronian,L (2767) chess.com INT 2018}) 4. exd5 {[%emt 0:01:05]} cxd5 {[%emt 0:00:22]} 5. Bb5+ {[%emt 0:00:43]} Bd7 {[%emt 0:00:44]} 6. Qe2 {[%emt 0:02:59] B11: Caro-Kann: Two Knights Variation} a6 {[%emt 0:01:43]} 7. Bxd7+ {[%emt 0:02:04]} Nbxd7 {[%emt 0:00:11]} 8. O-O {[%emt 0:05:42]} e6 {[%emt 0:00:53]} 9. d4 {[%emt 0:03:14]} Bb4 $146 {[%emt 0:04:18]} ({Predecessor:} 9... Be7 10. Bg5 O-O 11. Nd1 {½-½ (37) Protsenko,R (2263)-Georgescu,T (2403) Belgrade 2012}) 10. Nd1 {[%emt 0:03:42]} O-O {[%emt 0:00:29]} 11. Ne5 {[%emt 0:03:38]} Rc8 {[%emt 0:01:48]} 12. Bf4 {[%emt 0:09:12]} Re8 {[%emt 0:08:05]} 13. Ne3 {[%emt 0:04:31]} Nxe5 {[%emt 0:01:38]} 14. dxe5 {[%emt 0:01:53]} Nd7 {[%emt 0:00:59]} 15. Rfd1 {[%emt 0:03:50]} Nb6 {[%emt 0:11:55]} 16. Qh5 {[%emt 0:15:02]} f5 {[%emt 0:10:08]} 17. exf6 {[%emt 0:01:41]} Qxf6 {[%emt 0:00:05]} 18. Be5 {[%emt 0:01:37]} Qf7 {[%emt 0:00:07]} 19. Qxf7+ {[%emt 0:08:11]} Kxf7 {[%emt 0:00:22]} 20. c3 {[%emt 0:03:05]} Be7 {[%emt 0:11:31]} 21. f4 {[%emt 0:06:23]} Na4 {[%emt 0:07:51]} 22. Rab1 {[%emt 0:04:12]} b5 {[%emt 0:02:30]} 23. Bd4 {[%emt 0:08:51]} h5 {[%emt 0:06:04]} 24. Nc2 {[%emt 0:04:19]} g5 {[%emt 0:03:59]} 25. Rf1 {[%emt 0:00:51]} Kg6 {[%emt 0:00:56]} 26. Rbe1 {[%emt 0:00:53]} Nc5 {[%emt 0:02:32]} 27. f5+ {[%emt 0:02:33]} ({White should play} 27. fxg5 $16 Rf8 28. Rf3) 27... exf5 {[%emt 0:00:17]} 28. Re5 {[%emt 0:00:14]} f4 {[%emt 0:04:11]} 29. Rxd5 {[%emt 0:00:29]} (29. h4 $11) 29... Ne6 {[%emt 0:01:55]} (29... Nd3 $15) 30. Re1 {[%emt 0:01:28]} Nxd4 {[%emt 0:00:51]} 31. Nxd4 {[%emt 0:00:03]} Bf6 {[%emt 0:01:21]} 32. Rxe8 {[%emt 0:00:39]} Rxe8 {[%emt 0:00:08]} 33. Kf2 $11 {[%emt 0:00:31]} Bxd4+ {[%emt 0:03:42]} 1/2-1/2

[Event "76th GEO-ch Women 2019"]
[Site "Tbilisi"]
[Date "2019.03.19"]
[Round "1.3"]
[White "Gvetadze, Sofio"]
[Black "Arabidze, Meri"]
[Result "0-1"]
[WhiteElo "2321"]
[BlackElo "2392"]
[Annotator "TA"]
[PlyCount "80"]
[EventDate "2019.03.19"]
[EventType "swiss"]
[EventCountry "GEO"]
[SourceTitle "playchess.com"]
[Source "ChessBase"]
[SourceQuality "1"]

{[%evp 9,80,-60,-58,-60,-49,-67,-68,-75,-66,-65,-71,-81,-64,-56,-59,-107,-98,-115,-75,-71,-73,-129,-129,-152,-135,-198,-185,-223,-194,-191,-172,-209,-124,-165,-169,-249,-197,-185,-177,-291,-320,-316,-295,-437,-452,-431,-428,-391,-341,-202,-190,-190,-190,-190,-190,-359,-436,-326,-333,-747,-718,-680,-675,-586,-527,-744,-728,-653,-604,-6094,-6087,-5622,-5485]} 1. Nf3 d5 2. c4 d4 3. e4 Nc6 4. d3 e5 5. Be2 Nf6 6. O-O {A09: Réti Opening: 1 Nf3 d5 2 c4} Be7 7. a3 a5 $1 {[%cal Ba7a5,Ba5a4][%mdl 32]} 8. Nbd2 $146 {Black is slightly better.} ({Predecessor:} 8. b3 O-O 9. Ne1 Nd7 10. Nd2 Nc5 11. Bg4 Bxg4 12. Qxg4 {0-1 (50) Rumiancev,G (2260)-Maljutin,E (2505) Alushta 1993}) 8... Nd7 9. Ne1 Nc5 10. Bg4 O-O 11. Bxc8 Qxc8 12. Qe2 a4 13. g3 f5 14. exf5 Qxf5 15. Ne4 ({Better is} 15. Rb1) 15... Nxe4 $17 16. dxe4 Qe6 17. Nd3 (17. Bd2 $17) 17... Na5 $1 $19 (17... Qxc4 18. Bd2 $17) 18. f4 exf4 ({Much less strong is} 18... Qxc4 19. Bd2 $17) 19. Bxf4 Nxc4 20. Bxc7 Rxf1+ ({Black should play} 20... g5 $19 {Threatens to win with ...Rac8.} 21. Rxf8+ Bxf8) 21. Rxf1 $17 Ne3 22. Re1 (22. Rf2 $142) 22... Qxe4 23. Bf4 {[%cal Rf4e3]} Bf6 24. Bxe3 (24. Nc5 $142 Qd5 25. Nd3) 24... dxe3 $19 ({Weaker is} 24... Qxe3+ 25. Kg2 $17) 25. Nf4 Rd8 26. Rd1 (26. Qg2 $142 Qxg2+ 27. Kxg2) 26... Rxd1+ 27. Qxd1 h6 28. b4 Qd4 29. Qe2 {intending Qa2+.} Qa1+ 30. Kg2 {[#]} Qb2 $1 31. Kf3 {[#]} Qxe2+ $1 ({Worse is} 31... Qxa3 32. Qc4+ Kh8 33. Qc8+ Kh7 34. Qf5+ Kh8 35. Qc8+ Kh7 36. Qf5+ Kh8 37. Qc8+ $11) 32. Kxe2 $2 {[%mdl 4096] Endgame KB-KN} (32. Nxe2 {was the only defense.} Bb2 33. b5) 32... Bb2 33. Kxe3 Bxa3 34. Nd3 $2 (34. Nd5 b5 35. Kd4 Bb2+ 36. Kc5) 34... b5 {Black is clearly winning.} 35. Kd2 {[#]} Bb2 $1 {[%mdl 512]} 36. Kc2 (36. Nxb2 a3) 36... Bd4 37. Nf4 Kf7 38. Nd5 Be5 39. Nb6 Ke6 40. Nc8 Bd4 {Accuracy: White = 43%, Black = 85%.} 0-1

[Event "76th GEO-ch Women 2019"]
[Site "Tbilisi"]
[Date "2019.03.19"]
[Round "1.4"]
[White "Purtseladze, Maka"]
[Black "Vakhania, Aleksandra"]
[Result "1-0"]
[WhiteElo "2282"]
[BlackElo "2175"]
[Annotator "NA"]
[PlyCount "99"]
[EventDate "2019.03.19"]
[EventType "swiss"]
[EventCountry "GEO"]
[SourceTitle "playchess.com"]
[Source "ChessBase"]
[SourceQuality "1"]
[TimeControl "40/5400+30:1800+30"]

1. d4 {[%emt 0:00:00]} d5 {[%emt 0:00:00]} 2. c4 {[%emt 0:00:00]} c6 {[%emt 0:00:00]} 3. Nf3 {[%emt 0:00:06]} Nf6 {[%emt 0:00:00]} 4. Qb3 {[%emt 0:00:40]} dxc4 {[%emt 0:03:22]} 5. Qxc4 {[%emt 0:00:04]} Bf5 {[%emt 0:04:51]} 6. g3 {[%emt 0:00:55]} Qd5 {[%emt 0:05:31] D23: Queen's Gambit Accepted: 3 Nf3 Nf6 sidelines} (6... e6 7. Bg2 Be7 8. O-O O-O 9. Nc3 Nbd7 10. Re1 Rc8 11. e4 Bg4 12. Qb3 b5 13. h3 Bxf3 14. Bxf3 e5 15. dxe5 Nxe5 16. Bg2 Bc5 17. Rd1 Qe7 {½-½ (42) Mamedyarov,S (2820)-Borisek,J (2578) Batumi 2018}) 7. Qb4 {[%emt 0:16:45]} c5 {[%emt 0:13:13]} 8. Qxc5 {[%emt 0:09:15]} Qxc5 {[%emt 0:15:23]} 9. dxc5 {[%emt 0:00:05]} e6 {[%emt 0:00:02]} 10. Nd4 $146 {[%emt 0:07:12]} ({Predecessor:} 10. Nc3 Bxc5 11. Bg2 Nc6 12. Nh4 Bg6 13. O-O Rc8 14. Nxg6 hxg6 {1-0 (53) Magalashvili,D (2455)-Mnatsakanian,E (2256) Jermuk 2010}) 10... Be4 {[%emt 0:11:28]} 11. f3 {[%emt 0:00:12]} Bc6 {[%emt 0:05:40]} 12. a3 {[%emt 0:44:29]} Bxc5 {[%emt 0:00:59]} 13. Nxc6 {[%emt 0:00:12]} (13. Be3 $11) 13... Nxc6 {[%emt 0:00:07]} ({Of course not} 13... bxc6 14. Nd2 $11) 14. b4 {[%emt 0:00:53]} Bd4 {[%emt 0:11:06]} 15. Ra2 {[%emt 0:00:04]} Rc8 {[%emt 0:00:15]} 16. Bd2 {[%emt 0:03:04]} Ne5 {[%emt 0:08:23]} 17. Bg2 {[%emt 0:04:32]} Nd5 {[%emt 0:06:56]} 18. e4 {[%emt 0:03:12]} Nb6 {[%emt 0:03:27]} 19. Ke2 {[%emt 0:00:42]} Ke7 {[%emt 0:01:38]} 20. b5 {[%emt 0:01:03]} Rhd8 {[%emt 0:00:24]} 21. f4 {[%emt 0:01:03]} Nec4 {[%emt 0:00:40]} 22. Bb4+ {[%emt 0:00:12]} Bc5 {[%emt 0:01:54]} 23. e5 {[%emt 0:01:46]} Nd5 $11 {[%emt 0:01:31]} 24. Rc1 {[%emt 0:01:20]} Bxb4 {[%emt 0:03:32]} 25. axb4 {[%emt 0:00:22]} Nce3 {[%emt 0:00:38]} 26. Rxc8 {[%emt 0:00:13]} Rxc8 {[%emt 0:00:04]} 27. Bxd5 {[%emt 0:02:53]} Nxd5 {[%emt 0:00:02]} 28. Rxa7 {[%emt 0:00:08]} Rc7 {[%emt 0:01:05]} 29. Na3 {[%emt 0:00:54]} Kd7 {[%emt 0:01:30]} 30. Kd3 {[%emt 0:01:26]} Nxb4+ {[%emt 0:00:20]} 31. Kd4 {[%emt 0:00:14]} b6 {[%emt 0:00:31]} 32. Ra4 {[%emt 0:01:23]} Nc2+ {[%emt 0:00:40]} 33. Nxc2 {[%emt 0:00:04]} Rxc2 {[%emt 0:00:05]} 34. Ra7+ {[%emt 0:00:52]} Rc7 {[%emt 0:00:30]} 35. Ra6 {[%emt 0:00:03]} Rb7 {[%emt 0:00:09]} 36. Ra8 {[%emt 0:00:15]} h5 {[%emt 0:00:14]} 37. Ke4 {[%emt 0:00:45]} g6 {[%emt 0:00:10]} 38. Kf3 {[%emt 0:00:17]} Rc7 {[%emt 0:01:59]} 39. Rf8 {[%emt 0:00:36]} Rc5 {[%emt 0:00:27]} 40. Rxf7+ {[%emt 0:00:00]} Ke8 {[%emt 0:00:00]} 41. Rf6 {[%emt 0:00:23]} Ke7 {[%emt 0:00:47]} 42. Rxg6 {[%emt 0:00:03]} Rxb5 {[%emt 0:00:04]} 43. Rg7+ {[%emt 0:00:06]} Kd8 {[%emt 0:00:39]} 44. Rh7 {[%emt 0:00:23]} Rd5 {[%emt 0:02:02]} 45. Rxh5 {[%emt 0:04:13]} b5 {[%emt 0:00:16]} 46. Rh7 {[%emt 0:00:16]} Kc8 {[%emt 0:00:28]} 47. Ra7 {[%emt 0:00:42]} b4 {[%emt 0:00:50]} 48. Ra2 {[%emt 0:00:34]} Kd7 {[%emt 0:02:15]} 49. Rb2 {[%emt 0:00:30]} Rd3+ {[%emt 0:02:58]} 50. Ke4 {[%emt 0:00:15]} 1-0

[Event "76th GEO-ch Women 2019"]
[Site "Tbilisi"]
[Date "2019.03.19"]
[Round "1.5"]
[White "Khomeriki, Nino"]
[Black "Esadze, Tamari"]
[Result "1-0"]
[WhiteElo "2347"]
[BlackElo "2078"]
[Annotator "TA"]
[PlyCount "57"]
[EventDate "2019.03.19"]
[EventType "swiss"]
[EventCountry "GEO"]
[SourceTitle "playchess.com"]
[Source "ChessBase"]
[SourceQuality "1"]

{[%evp 21,57,50,50,43,87,70,77,75,79,90,89,81,87,61,52,42,53,65,59,42,120,120,86,86,206,204,187,187,225,221,241,224,418,412,856,833,5227,719]} 1. d4 Nf6 2. c4 e6 3. Nf3 b6 4. g3 Bb7 5. Bg2 Bb4+ 6. Bd2 Bxd2+ 7. Qxd2 O-O 8. Nc3 d6 9. O-O Nbd7 10. Qc2 Qe7 11. e4 e5 12. Nd5 {E16: Queen's Indian: 4 g3 Bb7 5 Bg2 Bb4+} Qd8 13. Rad1 c5 $146 ({Predecessor:} 13... c6 14. dxe5 Nxe5 15. Ne3 Qc7 16. Nd4 Rad8 17. h3 Rfe8 18. Ndf5 c5 19. f4 Nc6 {½-½ (56) Michalik,P (2578)-Bokros,A (2482) Slovakia 2016}) 14. dxe5 {White is better.} Nxd5 15. exd5 Nxe5 16. Nxe5 dxe5 17. f4 exf4 18. Rxf4 Qd6 19. Re1 Rae8 20. Rfe4 Rxe4 ({Better is} 20... Qd8 $14) 21. Qxe4 $16 ({Don't take} 21. Rxe4 Bc8 $14) 21... Bc8 22. Qe7 Qxe7 (22... Qh6 $16) 23. Rxe7 {[%mdl 4096] Endgame KRB-KRB} a5 24. Rc7 Bf5 25. Rb7 Bb1 26. d6 ({Resist} 26. Rxb6 $6 Bxa2 27. Bf1 a4) 26... Bxa2 $2 (26... g5 {is a better defense.} 27. Bd5 (27. Rxb6 Bxa2 28. Bd5 Rd8 $18) 27... Kg7 28. Rxb6 a4) 27. Bd5 $18 Bb1 {[#]} (27... h6 $142 28. Rxf7 (28. Rxb6 Rd8 $18) 28... Re8 29. Rb7+ Kf8 30. Rxb6 Rd8) 28. Rxf7 $1 {[%mdl 512] White threatens Rf5+ and mate.} g6 (28... Rxf7 29. d7) 29. d7 {Accuracy: White = 59%, Black = 27%.} (29. Re7+ $142 Kh8 30. d7) 1-0

[Event "76th GEO-ch Women 2019"]
[Site "Tbilisi"]
[Date "2019.03.20"]
[Round "2"]
[White "Arabidze, Meri"]
[Black "Purtseladze, Maka"]
[Result "1-0"]
[WhiteElo "2392"]
[BlackElo "2282"]
[Annotator "TA"]
[PlyCount "100"]
[EventDate "2019.03.19"]
[EventType "swiss"]
[EventCountry "GEO"]
[SourceTitle "playchess.com"]
[Source "ChessBase"]
[SourceQuality "1"]

{[%evp 13,100,64,67,60,58,58,60,61,56,44,58,21,72,64,49,42,69,62,66,58,70,49,72,60,116,109,99,107,123,116,234,218,220,237,219,218,210,238,227,219,225,202,283,281,303,289,379,386,368,362,372,233,293,283,452,431,437,437,477,472,462,456,464,480,583,567,571,564,596,599,620,636,671,635,625,621,797,783,819,826,764,743,987,970,989,943,1121,1074,1652]} 1. d4 e6 2. Nf3 b6 3. e4 Bb7 4. Bd3 Nf6 5. Qe2 c5 6. c3 cxd4 7. cxd4 Bb4+ 8. Nc3 {B00: Queen's Fianchetto Defence, Nimzowitsch Defence} (8. Nbd2 Nc6 9. O-O O-O 10. Rd1 Rc8 11. a3 Be7 12. b4 d6 13. Bb2 a5 14. d5 exd5 15. exd5 Ne5 {1-0 (25) Zvjaginsev,V (2658)-Gabuzyan,H (2553) Moscow 2015}) 8... d5 9. e5 Ne4 10. O-O {[%cal Rc3e4] White is slightly better.} Nxc3 11. bxc3 Be7 $1 12. Bd2 Qc8 (12... Nc6 $11) 13. Ng5 $146 ({Predecessor:} 13. Ne1 Ba6 14. Qg4 g6 15. Qh3 Bxd3 16. Nxd3 {½-½ (30) Liepold,S (2269)-Steppuhn,T (2045) Forchheim 2011}) 13... Ba6 14. Bxa6 Qxa6 15. Qh5 Bxg5 $1 16. Qxg5 O-O 17. Qg3 $1 {Bh6 is the strong threat.} Kh8 {[#]} 18. f4 $1 f5 ({Black should try} 18... Nd7 $14) 19. exf6 $1 $16 Rxf6 20. f5 $1 {[%cal Rf5e6]} exf5 21. Bg5 $40 {[%mdl 128] White has strong attack.} Rf7 (21... Rf8 $16 {was necessary.}) 22. Qd6 $18 {Intending Qd8+ and mate.} Nd7 {[#]} 23. Qe6 $1 {[%cal Re6f7]} (23. Qxd5 $6 Raf8 $16) 23... Raf8 24. Be7 ({Weaker is} 24. Qxd5 h6 $11) 24... Nf6 {With the idea ...Qc8.} 25. Bxf8 ({Stronger than} 25. Rxf5 Qc8 $11) 25... Rxf8 26. Qxf5 Qc4 27. Qf3 Rc8 (27... a5 {keeps fighting.} 28. Rab1 b5) 28. Rae1 h6 29. Re7 Qxc3 30. Qxc3 Rxc3 31. Rxa7 {[%mdl 4096] Endgame KRR-KRN} Rc4 32. Rb7 Ra4 33. Ra1 ({Resist} 33. Rxb6 $6 Rxa2 34. Rb8+ Kh7 $18) 33... Ra6 (33... Rb4 $142 34. h3 Nh5) 34. Kf2 {White is clearly winning.} Ne4+ 35. Ke3 Nd6 36. Rb8+ Kh7 37. a4 Nc4+ 38. Kd3 Ra7 39. Rd8 Ra5 40. Kc3 Kg6 41. Kb4 Kf5 42. Re1 Kf4 43. Re2 h5 44. Rf8+ Kg4 45. Re6 {Rg6+ would kill now.} g5 {[#]} 46. Rxb6 $3 {[%mdl 512]} Ra7 (46... Nxb6 47. Kxa5) 47. Rb5 Ne3 48. Rf3 Nc2+ 49. Kc3 Ne1 50. Re3 Ra8 {Accuracy: White = 84%, Black = 34%.} 1-0

[Event "76th GEO-ch Women 2019"]
[Site "Tbilisi"]
[Date "2019.03.20"]
[Round "2"]
[White "Melia, Salome"]
[Black "Tsatsalashvili, Keti"]
[Result "1-0"]
[WhiteElo "2385"]
[BlackElo "2326"]
[Annotator "TA"]
[PlyCount "113"]
[EventDate "2019.03.19"]
[EventType "swiss"]
[EventCountry "GEO"]
[SourceTitle "playchess.com"]
[Source "ChessBase"]
[SourceQuality "1"]

{[%evp 22,113,53,45,47,28,61,40,82,87,56,0,90,-8,-12,-14,-10,-10,-14,-10,0,0,0,0,0,0,0,0,18,11,30,12,75,75,79,79,74,0,0,0,0,0,0,0,8,8,8,8,38,0,8,7,69,81,74,75,80,83,121,118,274,264,265,265,214,191,312,299,385,366,368,349,702,683,682,666,698,677,855,857,842,800,1321,1145,5377,5395,6718,1347,6503,977,29979,29980,29980,29980]} 1. e4 c5 2. Nf3 d6 3. d4 cxd4 4. Nxd4 Nf6 5. Nc3 Bd7 6. Bg5 e6 7. Ndb5 Bc6 8. Bxf6 gxf6 9. Qh5 a6 10. Nd4 Bd7 11. O-O-O Nc6 12. Nb3 b5 {B60: Sicilian: Richter-Rauzer: Unusual Black 6th moves and 6...Bd7 without 7 Qd2} 13. f4 b4 14. Ne2 Qb6 {White is slightly better.} 15. Kb1 a5 16. Nbd4 {[#]} ({Better is} 16. f5 $14) 16... Qc5 $146 (16... a4 $11) ({Predecessor:} 16... a4 17. Qb5 Rb8 18. Qxb6 Rxb6 19. g3 Ke7 20. Bg2 {½-½ (56) Petr,M (2511)-Brkic,A (2568) Bol 2010}) 17. Qxc5 (17. f5 $16) 17... dxc5 $11 18. Nb5 {Black must now prevent Nc7+.} O-O-O 19. Ng3 Be7 20. Be2 Rhg8 21. c3 Kb7 22. Nd6+ Bxd6 23. Rxd6 Kc7 24. Rhd1 Bc8 25. Rxd8 Nxd8 26. Bf3 Nc6 (26... Bb7 $11) 27. Nh5 $16 Rg6 28. g4 Bb7 29. f5 ({White should try} 29. Re1 $16) 29... Rh6 $11 30. h3 Ne5 31. Bh1 bxc3 32. bxc3 Ba6 33. Nf4 Bc4 34. Bg2 Kc8 (34... a4 {with more complications.} 35. Kb2 Rh4 36. Ka1 a3 37. Kb1 Kc8) 35. Bf1 Bxf1 36. Rxf1 {[%mdl 4096] Endgame KRN-KRN} Nc4 (36... Rh4 $11) 37. Rd1 $14 Rh4 38. Rd3 $1 Ne5 39. Rg3 $1 Nc4 40. Kc2 $1 Nd6 $2 (40... Kd7 $16) 41. Ng2 $1 $18 {[%cal Rg2h4]} ({Less strong is} 41. fxe6 fxe6 42. Nxe6 Nxe4 $14) 41... Rh6 42. Kd3 $1 Kc7 43. h4 c4+ (43... a4 {was called for.} 44. h5 c4+ 45. Ke3 Nb5) 44. Kd4 a4 45. Rf3 Kc6 46. Rf1 e5+ $2 (46... Kc7 47. h5 Kc6 48. fxe6 fxe6) 47. Ke3 Nb5 48. Rc1 Kc5 49. h5 a3 50. Kf3 Kc6 51. Ne3 Kc5 52. Nd5 Kd6 53. Rb1 Kc5 {[#]} 54. Ke3 (54. Rxb5+ $142 $1 {[%mdl 512]} Kxb5 55. Ne7) 54... Kc6 {[#]} 55. Ne7+ (55. Rxb5 $142 $1 {[%mdl 512]} Kxb5 56. Ne7) 55... Kc5 {[#]} 56. Rxb5+ $1 {[%mdl 512]} Kxb5 57. Ng8 {Accuracy: White = 73%, Black = 31%.} 1-0

[Event "76th GEO-ch Women 2019"]
[Site "Tbilisi"]
[Date "2019.03.20"]
[Round "2"]
[White "Khukhashvili, Sopiko"]
[Black "Tsereteli, Tamar"]
[Result "1/2-1/2"]
[WhiteElo "2342"]
[BlackElo "2315"]
[Annotator "TA"]
[PlyCount "114"]
[EventDate "2019.03.19"]
[EventType "swiss"]
[EventCountry "GEO"]
[SourceTitle "playchess.com"]
[Source "ChessBase"]
[SourceQuality "1"]

{[%evp 13,114,0,12,0,-1,-5,-5,-14,16,-25,-28,-35,-41,-48,-39,-43,-45,-49,-60,-59,-73,-64,-24,-79,-74,-75,-81,-107,-100,-114,-95,-129,-114,-131,-117,-125,-119,-186,-195,-228,-197,-208,-190,-218,-140,-141,-137,-118,-101,-102,-108,-186,-202,-198,-213,-258,-231,-198,-187,-274,-275,-363,-358,-442,-446,-856,-847,-739,-717,-807,-778,-628,-584,-460,-435,-281,0,-8,-8,-8,-8,-8,-8,-8,-8,-193,0,0,0,0,0,0,0,0,0,0,0,0,0,0,0,0,0]} 1. e4 c5 2. Nf3 Nc6 3. c3 Nf6 4. e5 Nd5 5. Bc4 Nb6 6. Bb3 d6 7. exd6 Qxd6 8. Na3 {B22: Sicilian: 2 c3} a6 9. O-O Bf5 10. d4 cxd4 $1 11. cxd4 (11. Nxd4 Nxd4 12. cxd4 e6 13. Qf3 Qd7 14. Qg3 Bg6 15. Bf4 Bxa3 16. bxa3 O-O 17. Rac1 Rac8 18. h4 Nd5 19. Bd6 Nc3 20. Rce1 {0-1 (38) Mamedov,R (2699)-Navara,D (2740) Porto Carras 2018}) 11... e6 $1 12. Be3 Rd8 13. Qe2 Be7 14. Nc4 $146 ({Predecessor:} 14. Rfd1 O-O 15. Rac1 Nd5 {½-½ (54) Naranjo Espinosa,S (1880)-Capo Vidal,U (2189) Cali 2005}) 14... Nxc4 15. Bxc4 O-O 16. a3 Bf6 17. Rfd1 Bg4 18. h3 (18. d5 $1 $11 {remains equal.} exd5 19. Bxd5) 18... Bxf3 $1 $17 19. Qxf3 b5 20. Bd3 Nxd4 21. Bxd4 Bxd4 22. a4 Qb6 23. axb5 axb5 24. Ra3 e5 25. g4 (25. Qe2 $17) 25... g6 $19 ({Don't do} 25... Bxb2 26. Rb3 $17) 26. Kf1 Rd6 27. Qe2 Bc5 28. b4 Bxf2 29. Qxf2 Rf6 $40 {[%csl Gf6][%cal Rb6f2][%mdl 128] Black goes for the king.} 30. Bf5 Qxf2+ 31. Kxf2 gxf5 $17 {[%mdl 4096] Endgame KRR-KRR} 32. g5 (32. Rd5 $17 {is a better defense.}) 32... Re6 $19 33. Rd5 Kg7 34. Rxb5 Kg6 35. Raa5 Rfe8 ({Much less strong is} 35... Kxg5 36. Rxe5 Rxe5 37. Rxe5 $15) 36. h4 (36. Rb7 {keeps fighting.}) 36... f4 37. Kf3 Kf5 38. Rb7 R8e7 39. Rxe7 (39. Rbb5 $142 h6 40. Rc5) 39... Rxe7 {KR-KR} 40. Rc5 Ra7 41. h5 Ra3+ 42. Kf2 Ke4 43. Rc4+ Kd5 44. Rc7 Rb3 $2 (44... Rh3 $19 45. b5 Ke6) 45. Rxf7 $11 Ke4 46. Rxh7 Rb2+ 47. Ke1 $1 Ke3 {[%cal Rb2b1]} 48. Kd1 {Black must now prevent g6.} f3 {...f2 is the strong threat.} 49. Rf7 $2 {[#]} (49. g6 $1 $11 {and White is okay.} Rd2+ 50. Kc1 (50. Ke1 {leads to mate.} f2+ 51. Kf1 Rd1+ 52. Kg2 Rg1+ 53. Kh3 f1=Q+ 54. Kh4 Rh1+ 55. Kg5 Qf4#)) 49... Rxb4 $2 ({Black should try} 49... Rh2 $1 $19 {[%cal Rh2h5]} 50. h6 f2) 50. g6 {The position is equal.} f2 51. Rxf2 Kxf2 {KR-KPP} 52. g7 $1 {[%cal Rg7g8]} Rb8 53. h6 e4 $1 54. h7 e3 {( -> ...Rc8)} 55. g8=Q $1 {[%cal Rg8f7]} e2+ 56. Kc2 Rxg8 {[%mdl 64] [#] Promotion} 57. hxg8=Q {White wants to mate with Qf8+.} e1=Q {Accuracy: White = 27%, Black = 78%.} 1/2-1/2